01182nam a2200349Ia 4500001000700000003000500007008004100012010001100053020001800064040000900082082001500091100003400106245014200140250001100282260004600293300001100339440003100350500011200381503001400493504003800507650002200545650003500567650002400602700004600626901001500672902000600687910000900693942000600702942000700708999001900715952009800734Z_6148CHAP220113s1982 xx 000 0 und d a169379 a968-26-0038-3 cCHAP a574.5 O38v aOdum, Eugene Pleasants982738 aEcología: el vínculo entre las ciencias naturales y las sociales /cEugene Pleasants Odum; traducción Miguel Angel Marron Aguilar a4a ed. aMéxico :bEditorial Continental,c1982 a295 p. aBiología moderna9143983 aTraducción de la obra original en inglés: Ecology : the link between the natural and the social science aej.1: s/n aIncluye bibliografía e índice aEcología935134 aEcología poblacional9138322 aEcosistemas9138323 aMarron Aguilar, Miguel Angel, tr.9143984 a574.5 O38V aM a1982 c1 cc1 c169379d169379 00102ddc40708GRALaZbZc1d2012-05-02pz_3656r2022-01-18 00:00:00t1w2022-01-18yLIBRO